| 000 | 00648nam a22002057a 4500 | ||
|---|---|---|---|
| 008 | 150519b xxu||||| |||| 00| 0 eng d | ||
| 020 | _a9780078034909 | ||
| 020 | _a0078034906 | ||
| 041 | 0 | _aeng | |
| 080 | _a303 | ||
| 100 | 1 | _aKottak, Conrad Phillip. | |
| 245 | 0 | 0 |
_aMirror for humanity : _cConrad Phillip Kottak. |
| 246 | _aConcise introduction to cultural anthropology | ||
| 260 |
_aNew York : _bMcGraw-Hill, _c2012. |
||
| 300 |
_a354 f.: _bme il; _c24 cm. |
||
| 500 | _aIncludes bibliographical references and index. | ||
| 650 | 0 | _aEthnology. | |
| 650 | 0 | _aAntropologji | |
| 942 |
_2udc _cBK |
||
| 999 |
_c825 _d825 |
||